{"text_format":"3","workbook":"xlsx","n_sheets":1,"sheets":["t445"],"read":"whole","date_system":"1900"}

{"sheet":"t445","index":0,"n_rows":159,"n_cols":7,"rows_kept":159,"merged":[[0,0,0,6],[28,0,28,5],[39,0,39,5],[137,0,137,5]]}
["TABELA 445.1 - Estatísticas Agrícolas, Município de Pontes Gestal, Estado de São Paulo, 2016/17."]
["ITEM","UNIDADE","N.DE UPAs","MÍNIMO","MÉDIO","MÁXIMO","TOTAL"]
["Distância à sede do município","km",184,0.1,{"v":10.29,"d":"10.3"},{"v":22,"d":"22.0"},"-"]
["Área total","hectare",184,1.2,{"v":111.45,"d":"111.5"},{"v":11651.3,"d":"11,651.3"},{"v":20507.3,"d":"20,507.3"}]
["Área com cultura perene","hectare",25,0.5,9.4,42.9,235.1]
["Área com cultura temporária","hectare",51,0.1,{"v":221.82,"d":"221.8"},{"v":8525,"d":"8,525.0"},{"v":11312.7,"d":"11,312.7"}]
["Área com pastagem","hectare",174,0.6,{"v":29.65,"d":"29.7"},485.5,{"v":5159,"d":"5,159.0"}]
["Área com reflorestamento","hectare",4,0.4,{"v":7.95,"d":"8.0"},21.8,31.8]
["Área com vegetação natural","hectare",76,0.1,{"v":30.74,"d":"30.7"},{"v":2027.4,"d":"2,027.4"},{"v":2336.4,"d":"2,336.4"}]
["Área com vegetação de brejo e várzea","hectare",131,0.1,{"v":5.37,"d":"5.4"},530.5,{"v":704,"d":"704.0"}]
["Área em descanso","hectare",7,0.3,{"v":59.16,"d":"59.2"},386.1,414.1]
["Área complementar","hectare",167,0.1,{"v":1.88,"d":"1.9"},87.3,314.2]
["Área das UPAs com (0, 1] ha","hectare","-","-","-","-","-"]
["Área das UPAs com (1, 2] ha","hectare",5,1.2,{"v":1.22,"d":"1.2"},1.3,6.1]
["Área das UPAs com (2, 5] ha","hectare",13,2.4,{"v":3.82,"d":"3.8"},4.8,49.6]
["Área das UPAs com (5, 10] ha","hectare",19,{"v":6,"d":"6.0"},{"v":7.93,"d":"7.9"},{"v":10,"d":"10.0"},150.7]
["Área das UPAs com (10, 20] ha","hectare",49,10.3,{"v":14.83,"d":"14.8"},19.9,726.7]
["Área das UPAs com (20, 50] ha","hectare",49,20.2,{"v":31.45,"d":"31.5"},48.4,{"v":1541,"d":"1,541.0"}]
["Área das UPAs com (50, 100] ha","hectare",31,50.8,{"v":68.64,"d":"68.6"},98.7,{"v":2127.9,"d":"2,127.9"}]
["Área das UPAs com (100, 200] ha","hectare",11,100.4,{"v":138.02,"d":"138.0"},{"v":196,"d":"196.0"},{"v":1518.2,"d":"1,518.2"}]
["Área das UPAs com (200, 500] ha","hectare",3,242.1,{"v":318.23,"d":"318.2"},381.1,954.7]
["Área das UPAs com (500, 1.000] ha","hectare",3,515.5,593.7,730.8,{"v":1781.1,"d":"1,781.1"}]
["Área das UPAs com (1.000, 2.000] ha","hectare","-","-","-","-","-"]
["Área das UPAs com (2.000, 5.000] ha","hectare","-","-","-","-","-"]
["Área das UPAs com (5.000, 10.000] ha","hectare","-","-","-","-","-"]
["Área das UPAs acima de 10.000 ha","hectare",1,{"v":11651.3,"d":"11,651.3"},{"v":11651.3,"d":"11,651.3"},{"v":11651.3,"d":"11,651.3"},{"v":11651.3,"d":"11,651.3"}]
["Fonte: Secretaria de Agricultura e Abastecimento, CDRS/IEA, Projeto LUPA."]
[]
["TABELA 445.2 - Explorações Animais, Município de Pontes Gestal, Estado de São Paulo, 2016/17."]
["ITEM","UNIDADE","N.DE UPAs","MÍNIMO","MÉDIO","MÁXIMO","TOTAL"]
["Avicultura de corte","cabecas/ano",3,{"v":10,"d":"10.0"},{"v":56.67,"d":"56.7"},{"v":120,"d":"120.0"},{"v":170,"d":"170.0"}]
["Bovinocultura de corte","cabecas",117,{"v":2,"d":"2.0"},{"v":63.34,"d":"63.3"},{"v":600,"d":"600.0"},{"v":7411,"d":"7,411.0"}]
["Bovinocultura leiteira","cabecas",42,{"v":2,"d":"2.0"},{"v":18.33,"d":"18.3"},{"v":60,"d":"60.0"},{"v":770,"d":"770.0"}]
["Bovinocultura mista","cabecas",34,{"v":5,"d":"5.0"},{"v":23.97,"d":"24.0"},{"v":70,"d":"70.0"},{"v":815,"d":"815.0"}]
["Equinocultura","cabecas",88,{"v":1,"d":"1.0"},{"v":2.05,"d":"2.1"},{"v":10,"d":"10.0"},{"v":180,"d":"180.0"}]
["Ovinocultura","cabecas",2,{"v":30,"d":"30.0"},{"v":35,"d":"35.0"},{"v":40,"d":"40.0"},{"v":70,"d":"70.0"}]
["Suinocultura","cabecas",7,{"v":20,"d":"20.0"},{"v":23.57,"d":"23.6"},{"v":30,"d":"30.0"},{"v":165,"d":"165.0"}]
["Fonte: Secretaria de Agricultura e Abastecimento, CDRS/IEA, Projeto LUPA."]
[]
["TABELA 445.3 -  Máquinas, Implementos e Benfeitorias, Município de Pontes Gestal, Estado de São Paulo, 2016/17."]
["ITEM","UNIDADE","N.DE UPAs","MÍNIMO","MÉDIO","MÁXIMO","TOTAL"]
["Arado comum (bacia, aiveca)","unidade",20,{"v":1,"d":"1.0"},{"v":1.35,"d":"1.4"},{"v":4,"d":"4.0"},{"v":27,"d":"27.0"}]
["Arado escarificador","unidade",2,{"v":1,"d":"1.0"},2.5,{"v":4,"d":"4.0"},{"v":5,"d":"5.0"}]
["Arado subsolador","unidade",5,{"v":1,"d":"1.0"},1.2,{"v":2,"d":"2.0"},{"v":6,"d":"6.0"}]
["Carreta de trator","unidade",32,{"v":1,"d":"1.0"},{"v":1.22,"d":"1.2"},{"v":5,"d":"5.0"},{"v":39,"d":"39.0"}]
["Colhedeira automotriz","unidade",2,{"v":1,"d":"1.0"},2.5,{"v":4,"d":"4.0"},{"v":5,"d":"5.0"}]
["Computador","unidade",1,{"v":12,"d":"12.0"},{"v":12,"d":"12.0"},{"v":12,"d":"12.0"},{"v":12,"d":"12.0"}]
["Conj.irrigacao autopropelido","unidade",2,{"v":1,"d":"1.0"},{"v":7,"d":"7.0"},{"v":13,"d":"13.0"},{"v":14,"d":"14.0"}]
["Conj.irrigacao convencional","unidade",3,{"v":1,"d":"1.0"},{"v":1,"d":"1.0"},{"v":1,"d":"1.0"},{"v":3,"d":"3.0"}]
["Conj.irrigacao pivot central","unidade",2,{"v":1,"d":"1.0"},2.5,{"v":4,"d":"4.0"},{"v":5,"d":"5.0"}]
["Desintegrador de palha (plantio direto)","unidade",1,{"v":1,"d":"1.0"},{"v":1,"d":"1.0"},{"v":1,"d":"1.0"},{"v":1,"d":"1.0"}]
["Desintegrador, picador, triturador","unidade",71,{"v":1,"d":"1.0"},{"v":1.04,"d":"1.0"},{"v":2,"d":"2.0"},{"v":74,"d":"74.0"}]
["Distribuidor de calcario","unidade",10,{"v":1,"d":"1.0"},1.2,{"v":3,"d":"3.0"},{"v":12,"d":"12.0"}]
["Ensiladeira","unidade",9,{"v":1,"d":"1.0"},{"v":1.11,"d":"1.1"},{"v":2,"d":"2.0"},{"v":10,"d":"10.0"}]
["Grade aradora (tipo romi)","unidade",12,{"v":1,"d":"1.0"},{"v":3.08,"d":"3.1"},{"v":23,"d":"23.0"},{"v":37,"d":"37.0"}]
["Grade niveladora","unidade",29,{"v":1,"d":"1.0"},{"v":1.45,"d":"1.5"},{"v":7,"d":"7.0"},{"v":42,"d":"42.0"}]
["Misturador de racao","unidade",1,{"v":1,"d":"1.0"},{"v":1,"d":"1.0"},{"v":1,"d":"1.0"},{"v":1,"d":"1.0"}]
["Ordenhadeira mecanica","unidade",1,{"v":1,"d":"1.0"},{"v":1,"d":"1.0"},{"v":1,"d":"1.0"},{"v":1,"d":"1.0"}]
["Pulverizador tratorizado","unidade",8,{"v":1,"d":"1.0"},{"v":1.88,"d":"1.9"},{"v":4,"d":"4.0"},{"v":15,"d":"15.0"}]
["Retroescavadeira","unidade",1,{"v":1,"d":"1.0"},{"v":1,"d":"1.0"},{"v":1,"d":"1.0"},{"v":1,"d":"1.0"}]
["Roçadeira tratorizada","unidade",1,{"v":1,"d":"1.0"},{"v":1,"d":"1.0"},{"v":1,"d":"1.0"},{"v":1,"d":"1.0"}]
["Roçadora","unidade",3,{"v":1,"d":"1.0"},{"v":1.33,"d":"1.3"},{"v":2,"d":"2.0"},{"v":4,"d":"4.0"}]
["Semeadeira/adubadeira para plantio convencional","unidade",5,{"v":1,"d":"1.0"},1.6,{"v":4,"d":"4.0"},{"v":8,"d":"8.0"}]
["Semeadeira/plantadeira plantio direto","unidade",3,{"v":1,"d":"1.0"},{"v":2,"d":"2.0"},{"v":3,"d":"3.0"},{"v":6,"d":"6.0"}]
["Terraceador","unidade",1,{"v":1,"d":"1.0"},{"v":1,"d":"1.0"},{"v":1,"d":"1.0"},{"v":1,"d":"1.0"}]
["Trator de pneus  acima de 85 cv","unidade",9,{"v":1,"d":"1.0"},{"v":4.78,"d":"4.8"},{"v":30,"d":"30.0"},{"v":43,"d":"43.0"}]
["Trator de pneus até 65 cv","unidade",7,{"v":1,"d":"1.0"},{"v":1,"d":"1.0"},{"v":1,"d":"1.0"},{"v":7,"d":"7.0"}]
["Trator de pneus de 66 cv a 85 cv","unidade",30,{"v":1,"d":"1.0"},2.4,{"v":36,"d":"36.0"},{"v":72,"d":"72.0"}]
["Acude/represa","unidade",32,{"v":1,"d":"1.0"},{"v":3.16,"d":"3.2"},{"v":55,"d":"55.0"},{"v":101,"d":"101.0"}]
["Almoxarifado/oficina","unidade",1,{"v":2,"d":"2.0"},{"v":2,"d":"2.0"},{"v":2,"d":"2.0"},{"v":2,"d":"2.0"}]
["Armazem para graos ensacados","sacas",1]
["Balanca para bovinos","unidade",3,{"v":1,"d":"1.0"},{"v":1,"d":"1.0"},{"v":1,"d":"1.0"},{"v":3,"d":"3.0"}]
["Balanca para veiculos","unidade",4,{"v":1,"d":"1.0"},{"v":1.25,"d":"1.3"},{"v":2,"d":"2.0"},{"v":5,"d":"5.0"}]
["Barracao/galpao/garagem","unidade",23,{"v":1,"d":"1.0"},{"v":1.26,"d":"1.3"},{"v":3,"d":"3.0"},{"v":29,"d":"29.0"}]
["Casa de moradia habitada","unidade",97,{"v":1,"d":"1.0"},1.6,{"v":44,"d":"44.0"},{"v":155,"d":"155.0"}]
["Casa de moradia total","unidade",139,{"v":1,"d":"1.0"},{"v":1.63,"d":"1.6"},{"v":44,"d":"44.0"},{"v":227,"d":"227.0"}]
["Curral/mangueira","unidade",118,{"v":1,"d":"1.0"},{"v":1.03,"d":"1.0"},{"v":2,"d":"2.0"},{"v":121,"d":"121.0"}]
["Deposito/tulha","unidade",84,{"v":1,"d":"1.0"},{"v":1.05,"d":"1.1"},{"v":2,"d":"2.0"},{"v":88,"d":"88.0"}]
["Pocilga","unidade",3,{"v":1,"d":"1.0"},{"v":1,"d":"1.0"},{"v":1,"d":"1.0"},{"v":3,"d":"3.0"}]
["Poco semi-artesiano","unidade",18,{"v":1,"d":"1.0"},{"v":1.11,"d":"1.1"},{"v":3,"d":"3.0"},{"v":20,"d":"20.0"}]
["Silo para silagem","ton",1]
["Terreiro","m2",13]
["Usina de acucar/destilaria","unidade",1,{"v":1,"d":"1.0"},{"v":1,"d":"1.0"},{"v":1,"d":"1.0"},{"v":1,"d":"1.0"}]
["Fonte: Secretaria de Agricultura e Abastecimento, CDRS/IEA, Projeto LUPA."]
[]
["TABELA 445.4 - Outras Estatísticas Agrícolas, Município de Pontes Gestal, Estado de São Paulo, 2016/17."]
["ITEM","Número de UPAs",null,"Percentual"]
["Faz Parte de Associação de Produtores",4,null,{"v":2.1739130434782608,"d":"2.2"}]
["Faz Parte de Cooperativa de Produtores",30,null,{"v":16.304347826086957,"d":"16.3"}]
["Faz Parte do Sindicato de Produtores",1,null,{"v":0.5434782608695652,"d":"0.5"}]
["Não utiliza assistência técnica ",47,null,{"v":25.543478260869566,"d":"25.5"}]
["Utiliza somente assistência técnica governamental ",129,null,{"v":70.1086956521739,"d":"70.1"}]
["Utiliza somente assistência técnica privada ",2,null,{"v":1.0869565217391304,"d":"1.1"}]
["Utiliza assistência técnica tanto governamental quanto privada",6,null,{"v":3.260869565217391,"d":"3.3"}]
["Utiliza Crédito Rural",7,null,{"v":3.8043478260869565,"d":"3.8"}]
["Utiliza Seguro Rural",2,null,{"v":1.0869565217391304,"d":"1.1"}]
["Utiliza Escrituração Agrícola",4,null,{"v":2.1739130434782608,"d":"2.2"}]
["Acessa Internet p/ Fins na Agropecuária",4,null,{"v":2.1739130434782608,"d":"2.2"}]
["Utiliza Computador nas Atividades Agropecuárias",4,null,{"v":2.1739130434782608,"d":"2.2"}]
["Utiliza Energia Elétrica Para Uso na Atividade Agrícola",152,null,{"v":82.6086956521739,"d":"82.6"}]
["Utiliza Energia Alternativa","-",null,"-"]
["Realiza Análise de Solo, quando necessário",43,null,{"v":23.3695652173913,"d":"23.4"}]
["Realiza Calagem",42,null,{"v":22.826086956521742,"d":"22.8"}]
["Utiliza Práticas de Conservação de Solo, quando necessário",170,null,{"v":92.3913043478261,"d":"92.4"}]
["Faz Adubação Mineral, quando necessário",60,null,{"v":32.608695652173914,"d":"32.6"}]
["Faz Adubação Orgânica, quando necessário",7,null,{"v":3.8043478260869565,"d":"3.8"}]
["Faz Adubação Verde, quando necessário",1,null,{"v":0.5434782608695652,"d":"0.5"}]
["Utiliza Manejo Integrado de Pragas (MIP)",2,null,{"v":1.0869565217391304,"d":"1.1"}]
["Utiliza Hidroponia","-",null,"-"]
["Utiliza Cultivo em Estufa","-",null,"-"]
["Utiliza Mudas Fiscalizadas",4,null,{"v":2.1739130434782608,"d":"2.2"}]
["Utiliza Semente Melhorada",14,null,{"v":7.608695652173913,"d":"7.6"}]
["Faz Confinamento de Bovinos",8,null,{"v":4.3478260869565215,"d":"4.3"}]
["Utiliza Pastejo Intensivo",6,null,{"v":3.260869565217391,"d":"3.3"}]
["Faz Inseminação Artificial",2,null,{"v":1.0869565217391304,"d":"1.1"}]
["Faz Mineralização do Rebanho",163,null,{"v":88.58695652173913,"d":"88.6"}]
["Faz Vermifugação do Rebanho",163,null,{"v":88.58695652173913,"d":"88.6"}]
["Possui Parceiros /Arrendatários na Exploração Animal",3,null,{"v":1.6304347826086958,"d":"1.6"}]
["Existência de trabalhadores c/ deficiência na UPA","-",null,"-"]
["Esporte e lazer","-",null,"-"]
["Extração mineral","-",null,"-"]
["Hotel Fazenda, Pousada ou SPA","-",null,"-"]
["Pesque-pague","-",null,"-"]
["Restaurante ou Lanchonete","-",null,"-"]
["Transformação artesanal","-",null,"-"]
["Turismo rural ou ecoturismo","-",null,"-"]
["Outras atividades econômicas rurais","-",null,"-"]
["Agroindústria","-",null,"-"]
["Proprietário sem instrução ou com instrução incompleta",10,null,{"v":5.434782608695652,"d":"5.4"}]
["Proprietário com antigo primário completo",46,null,{"v":25,"d":"25.0"}]
["Proprietário com 1° grau (ou antigo ginasial) completo",42,null,{"v":22.826086956521742,"d":"22.8"}]
["Proprietário com 2° grau (ou antigo colegial) completo",45,null,{"v":24.456521739130437,"d":"24.5"}]
["Proprietário com curso superior completo ",40,null,{"v":21.73913043478261,"d":"21.7"}]
["Pessoa Jurídica",1,null,{"v":0.5434782608695652,"d":"0.5"}]
["Proprietário residente na própria UPA ",35,null,{"v":19.02173913043478,"d":"19.0"}]
["Fonte: Secretaria de Agricultura e Abastecimento, CDRS/IEA, Projeto LUPA."]
[]
["TABELA 445.5 - Área Cultivada, Município de Pontes Gestal, Estado de São Paulo, 2016/17."]
["CULTURA","N.DE UPAs","MÍNIMO","MÉDIO","MÁXIMO","TOTAL"]
["Cana-de-acucar finalidade industria",21,{"v":10,"d":"10.0"},{"v":499.65,"d":"499.7"},{"v":8225,"d":"8,225.0"},{"v":10492.7,"d":"10,492.7"}]
["Braquiaria",171,0.6,{"v":28.51,"d":"28.5"},485.5,{"v":4875,"d":"4,875.0"}]
["Soja",7,{"v":17,"d":"17.0"},{"v":170.37,"d":"170.4"},{"v":902,"d":"902.0"},{"v":1192.6,"d":"1,192.6"}]
["Milho safra",11,{"v":1,"d":"1.0"},{"v":45.19,"d":"45.2"},{"v":300,"d":"300.0"},497.1]
["Amendoim",1,{"v":315,"d":"315.0"},{"v":315,"d":"315.0"},{"v":315,"d":"315.0"},{"v":315,"d":"315.0"}]
["Feijao",1,{"v":300,"d":"300.0"},{"v":300,"d":"300.0"},{"v":300,"d":"300.0"},{"v":300,"d":"300.0"}]
["Tomate rasteiro",1,{"v":300,"d":"300.0"},{"v":300,"d":"300.0"},{"v":300,"d":"300.0"},{"v":300,"d":"300.0"}]
["Coloniao",4,{"v":1,"d":"1.0"},{"v":54.93,"d":"54.9"},{"v":200,"d":"200.0"},219.7]
["Seringueira",16,2.4,{"v":12.94,"d":"12.9"},42.9,{"v":207,"d":"207.0"}]
["Capim-jaragua",2,4.9,{"v":27.45,"d":"27.5"},{"v":50,"d":"50.0"},54.9]
["Eucalipto",4,0.4,{"v":7.95,"d":"8.0"},21.8,31.8]
["Cana-de-acucar outras finalidades",15,{"v":1,"d":"1.0"},{"v":2.01,"d":"2.0"},{"v":4,"d":"4.0"},30.2]
["Cafe",7,0.5,1.9,3.6,13.3]
["Coco-da-baia",1,{"v":10,"d":"10.0"},{"v":10,"d":"10.0"},{"v":10,"d":"10.0"},{"v":10,"d":"10.0"}]
["Gramas",3,2.4,{"v":3.13,"d":"3.1"},{"v":4,"d":"4.0"},9.4]
["Laranja Industria",1,4.8,4.8,4.8,4.8]
["Palmito",1,1.6,1.6,1.6,1.6]
["Horta domestica",1,0.4,0.4,0.4,0.4]
["Alface",1,0.1,0.1,0.1,0.1]
["Fonte: Secretaria de Agricultura e Abastecimento, CDRS/IEA, Projeto LUPA."]